| 000 | 00788nas a2200277 i 4500 | ||
|---|---|---|---|
| 001 | 2751 | ||
| 003 | ES-MaACL | ||
| 005 | 20250901045709.0 | ||
| 007 | t| | ||
| 008 | 000216c1993 sp | | 0 ||pa d | ||
| 080 | _a(460) | ||
| 080 | _a396 | ||
| 245 | 0 | 0 |
_aAmaranta _b: revista de la Asamblea Feminista de Madrid. |
| 260 |
_aMadrid : _bAsamblea Feminista de Madrid, _c1993- |
||
| 300 |
_a2 v. ; _c32 cm. |
||
| 310 | _aPeriodicidad irregular | ||
| 362 | 0 | _aNÂș 0 (marzo 1993)- | |
| 650 | 1 | 7 |
_aFeminismo _2embne _912744 |
| 655 | 7 |
_2tgfbne _9226866 _aRevistas |
|
| 710 | 2 |
_aAsamblea Feminista de Madrid _91499 |
|
| 852 |
_aES-MaACL _jHem-1952 _cHEM |
||
| 866 | 0 | _o1993-1996. | |
| 942 |
_2udc _cPERIODICA |
||
| 999 |
_c2751 _d2751 |
||